| 000 | 00877 a2200229 4500 | ||
|---|---|---|---|
| 005 | 20140903174954.0 | ||
| 008 | 131121s2013 xxu frn 001 0 eng d | ||
| 020 | _a9780801451638 | ||
| 040 |
_aCo-BoUCM _bspa _cRoberto Burgos _dAldemar Mondragón |
||
| 041 | 0 | 0 | _aeng |
| 100 | 1 |
_aJerven, Morten _950988 |
|
| 245 | 1 | 0 |
_aPoor numbers how we are misled by african development statistics and what to do about it _cMorten Jerven |
| 260 |
_bCornell University Press _aIthaca _c2013 |
||
| 300 | _axx, 187 páginas | ||
| 504 | _aIncluye referencias bibliográficas e índices | ||
| 650 | 7 |
_aDesarrollo económico _zÁfrica _951394 |
|
| 650 | 7 |
_aDistribución del ingreso _zÁfrica _951395 |
|
| 651 | 4 |
_aÁfrica _xCondiciones económicas _951396 |
|
| 690 |
_942791 _aDesarrollo económico |
||
| 942 |
_a7 _cLIBRO _e1 _mJ57p _2DEWEY _h338.967 |
||
| 999 |
_c182662 _d182662 |
||